Fairy poetry /

Bibliographic Details
Other Authors: Bate, Robert Shelton
Format: Microform Book
Language:English
Published: London : G. Bell & Sons, 1909
Series:Bell's English texts for secondary schools.
Opie collection of children's literature ; 042:099.
Subjects:

MARC

Tag First Indicator Second Indicator Subfields
LEADER 00000cam a2200000Ia 4500
001 in00002597113
005 20151201154621.0
007 he amb---bacp
007 hz bhb---babp
008 091027s1909 enk b 000 p eng d
035 |a (OCoLC)ocn460129602 
035 |a (OCoLC)460129602 
037 |a CL0021000042  |b ProQuest, 789 E. Eisenhower Parkway, Ann Arbor, MI 48108-3218 
040 |a UMI  |c UMI  |d UtOrBLW 
049 |a UMIA 
090 |a PZ5  |b .O67 1990 no. 
245 0 0 |a Fairy poetry /  |c selected and edited by R.S. Bate. 
264 1 |a London :  |b G. Bell & Sons,  |c 1909 
264 3 |a Glasgow :  |b Printed at the University Press by R. Maclehose and Co. 
300 |a xi, 135 pages 
336 |a text  |b txt  |2 rdacontent 
337 |a microform  |b h  |2 rdamedia 
338 |a microfiche  |b he  |2 rdacarrier 
490 1 |a Bell's English texts for secondary schools 
500 |a Reproduction of original in the Bodleian Library. 
510 4 |a Opie,  |c PP 352 
533 |a Microfiche.  |b Ann Arbor, Mich. :  |c UMI,  |d 2001.  |e 2 microfiches ; 11 x 15 cm.  |f (Opie collection of children's literature ; 042:099).  |7 s2001 miun b 
500 |a Microform. 
650 0 |a English poetry. 
650 0 |a Fairy poetry. 
700 1 |a Bate, Robert Shelton. 
830 0 |a Bell's English texts for secondary schools. 
830 0 |a Opie collection of children's literature ;  |v 042:099. 
994 |a 02  |b UMI 
999 |a MARS 
999 f f |s a6ecbd06-ff9b-3fab-9b3b-28ac4855cb21  |i e4f6c2ce-927b-3ac1-a8af-7dc8d2232f26  |t 0 
952 f f |a Texas A&M University  |b College Station  |c Sterling C. Evans Library  |d Evans: Microforms Fiche (3rd floor)  |t 0  |e PZ5 .O67 1990 no.  |h Library of Congress classification 
998 f f |a PZ5 .O67 1990 no.  |t 0  |l Evans: Microforms Fiche (3rd floor)